00565nam a2200121Ia 4500008004100000245026000041260003600301260000900337300000600346650002600352650001200378856005300390170516s9999 xx 000 0 und d aPreoperative Evaluation with fMRI of Patients with Intracranial Gliomas, Ioannis Z. Kapsalakis, Eftychia Z. Kapsalaki, Efstathios D. Gotsis, Dimitrios Verganelakis, Panagiotis Toulas, Georgios Hadjigeorgiou, Indug Chung, Ioannis Fezoulidis, Alexandros Pap bRadiology Research and Practice c2012 a: xRadiologic Technology xRadtech uhttps://www.hindawi.com/journals/rrp/contents/4/